Song Title to Artist Click Quiz #3 - Statistics

General Stats
  • This quiz has been taken 666 times
  • The average score is 12 of 15
Answer Stats
Hint Answer % Correct
Shape of You Ed Sheeran
97%
bad guy Billie Eilish
94%
thank u, next Ariana Grande
92%
Fly Me to the Moon Frank Sinatra
91%
Purple Rain Prince
88%
Uptown Girl Billy Joel
85%
Gold Digger Kanye West
85%
Hey Ya! Outkast
85%
Stressed Out Twenty One Pilots
82%
Dynamite BTS
80%
Losing My Religion R.E.M.
77%
Paranoid Black Sabbath
72%
Three Little Birds Bob Marley
72%
Like a Rolling Stone Bob Dylan
71%
Free Bird Lynyrd Skynyrd
71%
No matching quizzes found
Score Distribution
Percent of People with Each Score
Percentile by Number Answered
Your Score History
You have not taken this quiz